History Quiz

Random History or Year Quiz

'J' in History Quiz Stats

 Plays Quiz Updated Jul 25, 2013

Also try: 'K' in History
Challenge
Share
Tweet
Embed
Score 0/20 Timer 05:00
1 Play Today
Question Answer % Correct
Which month of the year is named after the Roman god of gates, doorways and transitions?January
96.8%
The old walled part of which city is divided into Armenian, Christian, Jewish and Muslim quarters?Jerusalem
91.8%
Which geologic period lasted from the end of the Triassic to the beginning of the Cretaceous?Jurassic
90.8%
Which pop 'royal' died on June 25th 2009?Michael Jackson
90.7%
Which French saint was burnt at the stake in 1431, aged 19?Joan of Arc
89.4%
Which mysterious figure killed five prostitutes in Whitechapel in 1888?Jack the Ripper
88.2%
Who was the first pope to use two names for his regnal name?John Paul I
81.5%
Which Mediæval sport was discontinued in France following the death of Henry II?Jousting
80.7%
Who ascended the throne of England and Scotland after the death of Elizabeth I?James I of England/VI of Scotland
78.2%
Which US President oversaw the Louisiana Purchase?Thomas Jefferson
74.3%
Question Answer % Correct
Which Irish author wrote Ulysses in 1922?James Joyce
65.5%
Which African city was named after two officials of the Zuid-Afrikaansche Republiek?Johannesburg
63.5%
Who was the Roman goddess of marriage?Juno
62%
Which calendar was superseded by the Gregorian calendar due to an error regarding leap years?Julian Calendar
56.4%
A 1755 dictionary by which man was viewed as the eminent English dictionary for 150 years?Samuel Johnson
43.4%
Which Middle-Eastern city is the earliest known walled city?Jericho
40.1%
Which Byzantine emperor is known for the Corpus Juris Civilis, a code of civil law?Justinian I
33.1%
Which WWI battle off the coast of Denmark was the largest naval battle of the war?Jutland
33%
What name was given to a person dedicated to the restoration of Stuart kings to British thrones?Jacobite
32.6%
Which scientist discovered a vaccination for smallpox in 1796, after observing milkmaids? Edward Jenner
24%

You're not logged in!

Compare scores with friends on all Sporcle quizzes.
Join for Free
OR
Log In

You Might Also Like...

Show Comments

Extras

Top Quizzes Today


Score Distribution

Your Account Isn't Verified!

In order to create a playlist on Sporcle, you need to verify the email address you used during registration. Go to your Sporcle Settings to finish the process.

Report this User

Report this user for behavior that violates our Community Guidelines.

Details: